Statistics for Asian Landmarks by Picture

Click here to take the quiz!

General Stats

  • This quiz has been taken 13 times
  • The average score is 8 of 16

Answer Stats

Answer% Correct
Taj Mahal
100%
Great Wall of China
100%
Forbidden City
91%
Petronas Twin Towers
91%
Petra
82%
Angkor Wat
82%
Tokyo Tower
64%
Dome of the Rock
55%
The Kaaba
55%
The Golden Temple
45%
Leshan Giant Buddha
27%
Bird's Nest
27%
Grand Palace of Bangkok
9%
Oriental Pearl Tower
9%
Bayon Temple
0%
Shwedagon Pagoda
0%

Score Distribution

Percentile by Number Answered

Percent of People with Each Score

Your Score History

You have not taken this quiz